| 000 | 00785naa a2200217 4500 | ||
|---|---|---|---|
| 001 | 45352 | ||
| 003 | ES-MaCES | ||
| 005 | 20141221114220.0 | ||
| 008 | 000000s2014 sp ||||| t||||||| ||spa d | ||
| 040 |
_aES-MaCES _bspa _cES-MaCES |
||
| 245 | 0 | 3 | _aEl impacto de la crisis en las cuentas de la seguridad social |
| 650 | 4 |
_930265 _afinanciación de la seguridad social |
|
| 650 | 4 |
_930691 _arecaudación de cotizaciones |
|
| 650 | 4 |
_927102 _acrisis económica |
|
| 650 | 4 |
_930732 _aevaluación del impacto |
|
| 650 | 4 |
_926964 _aEspaña |
|
| 653 | 1 | 0 | _aSeguridad Social |
| 773 | 0 |
_981861 _dMadrid (Huertas, 73, 28014) CES 2007- _o084766 _tCauces _w(ES-MaCES)26015 _gn. 27 (2014) {55/1063 R. 084766} ;p. 9-19 |
|
| 902 | _aART Artículo de revista | ||
| 942 |
_2CES _cAR _h3.0. |
||
| 999 |
_c45352 _d45352 |
||